[Event "Flint (MI Senior/4/9)"]
[Site "?"]
[Date "1994.??.??"]
[Round "?"]
[White "O'Dell, Ray"]
[Black "Iyer, Krishnan"]
[Result "0-1"]
[WhiteElo "1605"]
[BlackElo "1605"]
[PlyCount "106"]
[EventDate "1994.??.??"]

{4/(9)} 1. f4 d6 2. b3 Nc6 3. Bb2 e5 4. e3 Nf6 5. Bb5 exf4 6. exf4 Bd7 7. Bxc6
Bxc6 8. Nf3 Qe7+ 9. Qe2 Bxf3 10. Qxe7+ Bxe7 11. gxf3 O-O 12. Nc3 Nh5 13. O-O-O
Nxf4 14. Rhg1 Bf6 15. Rde1 Rfe8 16. Re4 Rxe4 17. fxe4 Bxc3 18. Kb1 Bxb2 19.
Kxb2 Re8 20. Re1 f5 21. d3 fxe4 22. dxe4 Re5 23. Kc3 Kf7 24. b4 d5 25. Kd4
Rxe4+ 26. Rxe4 dxe4 27. Kxe4 Ne6 28. Ke5 g5 29. c4 h5 30. c5 h4 31. Kf5 Ke7 32.
h3 Kf7 33. a3 Kg7 34. Kxe6 g4 35. Kd7 gxh3 36. Kxc7 h2 37. Kxb7 h1=Q+ 38. c6
Qxc6+ 39. Kxc6 h3 40. Kb7 h2 41. Kxa7 h1=Q 42. b5 Qe4 43. b6 Qa4+ 44. Kb7 Kf7
45. Kb8 Ke7 46. b7 Qa6 47. Kc8 Qc6+ 48. Kb8 Kd7 49. Ka7 Qa4+ 50. Kb8 Qa6 51. a4
Kc6 52. Kc8 Qxb7+ 53. Kd8 Qd7# 0-1

[Event "Detroit (Class C/5/16)"]
[Site "?"]
[Date "1994.??.??"]
[Round "?"]
[White "Nowicki, B."]
[Black "Rodriguez, Juan"]
[Result "1/2-1/2"]
[WhiteElo "1605"]
[BlackElo "1605"]
[PlyCount "102"]
[EventDate "1994.??.??"]

{5/(16)} 1. e4 Nf6 2. Nc3 d5 3. e5 Ng8 4. d4 e6 5. Nf3 c5 6. Bb5+ Bd7 7. Bg5
Qb6 8. Bxd7+ Nxd7 9. b3 cxd4 10. Qxd4 Qxd4 11. Nxd4 Bb4 12. Ndb5 Rc8 13. Bd2
Nxe5 14. a3 a6 15. axb4 axb5 16. Nxb5 Kd7 17. Nd4 Nf6 18. f3 Nc6 19. Nxc6 Rxc6
20. c3 Rhc8 21. O-O Ne8 22. Rfc1 Nd6 23. Ra5 Nf5 24. Ra7 Nd6 25. b5 Rb6 26. c4
dxc4 27. bxc4 Rxc4 28. Rb1 Nc8 29. Ra3 Rd6 30. Be3 f5 31. f4 Rd5 32. h4 Nd6 33.
b6 Ne4 34. Ra7 Kc6 35. Ra8 Kd6 36. Rb8 Rc3 37. Rd8+ Ke7 38. Rxd5 exd5 39. Bd4
Rg3 40. Bf2 Nxf2 41. Kxf2 Rc3 42. Re1+ Kd6 43. Rb1 Kc5 44. Ke2 d4 45. h5 Kc4
46. Kd2 d3 47. Rb2 Rc2+ 48. Rxc2+ dxc2 49. Kxc2 Kb5 50. Kc3 Kxb6 51. Kd4 Kc6
1/2-1/2

[Event "Detroit (Class C/3/17)"]
[Site "?"]
[Date "1994.??.??"]
[Round "?"]
[White "Nowicki, B."]
[Black "Jones, W."]
[Result "0-1"]
[WhiteElo "1605"]
[BlackElo "1605"]
[PlyCount "34"]
[EventDate "1994.??.??"]

{3/(17)} 1. e4 d5 2. e5 e6 3. d4 c5 4. Nf3 Nc6 5. c3 f6 6. Bb5 Bd7 7. O-O Qb6
8. Bxc6 Bxc6 9. exf6 Nxf6 10. Nbd2 Bd6 11. Ne5 cxd4 12. Nxc6 bxc6 13. Re1 O-O
14. Rxe6 dxc3 15. bxc3 Ng4 16. Rxd6 Nxf2 17. Qe2 Nh3+ 0-1

[Event "Dearborn (MI Inv/1)"]
[Site "Dearborn"]
[Date "1994.??.??"]
[Round "?"]
[White "Noren, Kevin"]
[Black "Tsemekhman, Vadim"]
[Result "0-1"]
[WhiteElo "2260"]
[BlackElo "2460"]
[PlyCount "64"]
[EventDate "1994.??.??"]

1. e4 e6 2. d4 d5 3. Nc3 Nf6 4. e5 Nfd7 5. f4 c5 6. Nf3 Nc6 7. Be3 Qb6 8. Na4
Qa5+ 9. c3 cxd4 10. b4 Nxb4 11. cxb4 Bxb4+ 12. Bd2 Bxd2+ 13. Nxd2 O-O 14. Bd3
b5 15. Nb2 Nc5 16. Rc1 Ne4 17. Bxe4 dxe4 18. O-O Bb7 19. a4 Qb4 20. Rb1 d3 21.
Kh1 Qc3 22. Re1 Qd4 23. Nb3 Qd5 24. Na5 Ba6 25. Qb3 bxa4 26. Qxa4 Rac8 27. Nd1
d2 28. Rg1 Rc1 29. Ra1 Be2 30. Nb3 Rxd1 31. Raxd1 Bxd1 32. Rxd1 e3 0-1

[Event "Detroit (MEX/3/8)"]
[Site "?"]
[Date "1994.??.??"]
[Round "?"]
[White "Noren, Kevin"]
[Black "Profit, Brian"]
[Result "0-1"]
[WhiteElo "2325"]
[BlackElo "2050"]
[PlyCount "46"]
[EventDate "1994.??.??"]

{3/(8)} 1. e4 e6 2. d4 d5 3. Nc3 Nf6 4. e5 Nfd7 5. f4 c5 6. Nf3 Nc6 7. Be3 a6
8. Qd2 b5 9. dxc5 Bxc5 10. Bxc5 Nxc5 11. Bd3 Qb6 12. Ne2 Bb7 13. Ned4 b4 14.
Nxc6 Bxc6 15. Nd4 Rb8 16. Qf2 Bb5 17. Bxb5+ axb5 18. Qd2 O-O 19. Qxb4 Ne4 20.
Rd1 Rfc8 21. Qb3 Rc4 22. c3 b4 23. O-O Qa7 0-1

[Event "Detroit (MEX/1/2)"]
[Site "?"]
[Date "1994.??.??"]
[Round "?"]
[White "Noren, Kevin"]
[Black "Pence, Mark"]
[Result "0-1"]
[WhiteElo "2325"]
[BlackElo "2115"]
[PlyCount "128"]
[EventDate "1994.??.??"]

{1/(2)} 1. e4 c5 2. Nf3 d6 3. d4 cxd4 4. Nxd4 Nf6 5. Nc3 g6 6. Be3 Bg7 7. f3
O-O 8. Qd2 a6 9. Bc4 Nc6 10. O-O-O Na5 11. Bb3 Nxb3+ 12. axb3 b5 13. h4 h5 14.
Nde2 Qc7 15. Bg5 Be6 16. Nf4 Bxb3 17. Bxf6 Bxf6 18. Ncd5 Bxd5 19. Nxd5 Qc5 20.
Nxf6+ exf6 21. Qxd6 Rfc8 22. Rd2 Rc6 23. Qxc5 Rxc5 24. Rhd1 Rac8 25. Rd8+ Rxd8
26. Rxd8+ Kg7 27. Ra8 Rc6 28. c3 g5 29. g3 gxh4 30. gxh4 f5 31. e5 Rc4 32. Rxa6
Rxh4 33. Kd2 Rh2+ 34. Ke3 Rxb2 35. Kf4 h4 36. Ra1 Rc2 37. Rg1+ Kf8 38. Kxf5
Rxc3 39. Rb1 h3 40. Rxb5 h2 41. Rb1 Rxf3+ 42. Kg4 Rf2 43. Rh1 Ke7 44. Kg3 Re2
45. Kf3 Ra2 46. Kf4 Ke6 47. Ke4 Ra4+ 48. Kf3 Rh4 49. Kg3 Rh8 50. Kf4 Rh7 51.
Ke4 Rh4+ 52. Kf3 Kxe5 53. Kg3 Rh8 54. Kf3 Kf5 55. Kg3 Kg5 56. Kf3 f5 57. Kg3
Rh7 58. Kf3 Rh3+ 59. Kg2 Kg4 60. Kf2 f4 61. Kg2 f3+ 62. Kf2 Kf4 63. Ke1 Kg3 64.
Kf1 Rh8 0-1

[Event "Dearborn (MI Inv/2)"]
[Site "Dearborn"]
[Date "1994.??.??"]
[Round "?"]
[White "Noren, Kevin"]
[Black "Finegold, Ben"]
[Result "1/2-1/2"]
[WhiteElo "2260"]
[BlackElo "2570"]
[PlyCount "133"]
[EventDate "1994.??.??"]

1. e4 c5 2. Nf3 Nc6 3. d4 cxd4 4. Nxd4 Nf6 5. Nc3 d6 6. g3 e5 7. Nde2 Bg4 8.
Bg2 Qd7 9. O-O Be7 10. f3 Be6 11. Nd5 Bxd5 12. exd5 Nb4 13. c4 O-O 14. a3 Na6
15. Nc3 Rac8 16. b3 Nc5 17. Be3 a5 18. b4 Na6 19. Na4 Bd8 20. b5 Nc5 21. Nxc5
dxc5 22. f4 e4 23. h3 Ne8 24. g4 Nd6 25. Rc1 b6 26. Qd2 f5 27. g5 h6 28. h4
hxg5 29. hxg5 Kf7 30. Kf2 Rh8 31. Qc3 Bc7 32. Rh1 Rcg8 33. Rcg1 Ke8 34. Bf1 Kd8
35. Be2 Qf7 36. Qa1 Ne8 37. Rxh8 Rxh8 38. Rh1 Rxh1 39. Qxh1 g6 40. Qh8 Bd6 41.
Bd1 Bf8 42. a4 Be7 43. Kg3 Bf8 44. Kf2 Qg7 45. Qxg7 Bxg7 46. Be2 Nd6 47. Bf1
Kd7 48. Be2 Nf7 49. Bf1 Kd6 50. Ke2 Bc3 51. Kf2 Kd7 52. Ke2 Nd6 53. Kf2 Bd4 54.
Be2 Nf7 55. Bf1 Nd6 56. Be2 Ne8 57. Bf1 Kd6 58. Be2 Ke7 59. Bf1 Kd7 60. Be2 Nd6
61. Bf1 Nf7 62. Ke2 Kc7 63. Kd2 Bg7 64. Ke2 Bc3 65. Kf2 Kd6 66. Ke2 Bd4 67. Kd2
1/2-1/2

[Event "Dearborn (MI Inv/5)"]
[Site "Dearborn"]
[Date "1994.??.??"]
[Round "?"]
[White "Noren, Kevin"]
[Black "Basin, Leonid"]
[Result "0-1"]
[WhiteElo "2260"]
[BlackElo "2480"]
[PlyCount "72"]
[EventDate "1994.??.??"]

1. e4 c5 2. Nf3 d6 3. d4 cxd4 4. Nxd4 Nf6 5. Nc3 g6 6. Be3 Bg7 7. f3 Nc6 8. Bc4
O-O 9. Qd2 Bd7 10. O-O-O Rc8 11. Bb3 Ne5 12. Kb1 Nc4 13. Bxc4 Rxc4 14. h4 b5
15. h5 b4 16. Nd5 e6 17. Nxb4 Qb8 18. c3 Rfc8 19. Ne2 a5 20. Nc2 d5 21. e5 Qxe5
22. hxg6 hxg6 23. Bf4 Rxf4 24. Nxf4 Rb8 25. Ne2 Ne8 26. Ne3 Nd6 27. Nd4 Qf6 28.
Ka1 Ba4 29. Rc1 Qd8 30. Rb1 e5 31. Ne2 d4 32. cxd4 exd4 33. Ng4 Nf5 34. Nf4 d3
35. Qxd3 Nd4 36. Ne3 Qd6 0-1

[Event "Grand Rapids (MI Am/3/41)"]
[Site "?"]
[Date "1994.??.??"]
[Round "?"]
[White "Nolan, Dan"]
[Black "Timberlake, B."]
[Result "1/2-1/2"]
[WhiteElo "1605"]
[BlackElo "1605"]
[PlyCount "32"]
[EventDate "1994.??.??"]

{3/(41)} 1. d4 e6 2. e4 d5 3. Nc3 c5 4. Nf3 c4 5. e5 Ne7 6. Bg5 h6 7. Be3 Nf5
8. Qd2 Nh4 9. Be2 Nxg2+ 10. Kd1 Qa5 11. a3 Bb4 12. Rg1 Nxe3+ 13. Qxe3 g6 14.
Rb1 Bxc3 15. Qxc3 Qxc3 16. bxc3 b6 1/2-1/2

[Event "Detroit (MCO/DEU/2b/6)"]
[Site "?"]
[Date "1994.??.??"]
[Round "?"]
[White "Nolan, Dan"]
[Black "Stevens, J."]
[Result "0-1"]
[WhiteElo "1605"]
[BlackElo "1605"]
[PlyCount "56"]
[EventDate "1994.??.??"]

1. d4 d5 2. Nc3 Nf6 3. Nf3 e6 4. Bd2 c5 5. Be3 cxd4 6. Bxd4 Nc6 7. e3 Nxd4 8.
exd4 a6 9. Bd3 Bb4 10. Qd2 O-O 11. O-O Re8 12. Ne5 Qc7 13. Rfe1 b5 14. a3 Bd6
15. Nf3 Bb7 16. h3 Nd7 17. g3 e5 18. Bf5 e4 19. Bxd7 Qxd7 20. Ne5 Qxh3 21. Qg5
Re6 22. Qf4 Bxe5 23. dxe5 Rh6 24. f3 Qh1+ 25. Kf2 Qh2+ 26. Kf1 d4 27. Nxe4 Bc8
28. Nd6 Bh3# 0-1

[Event "Grand Rapids (MI Am/1/24)"]
[Site "?"]
[Date "1994.??.??"]
[Round "?"]
[White "Nolan, Dan"]
[Black "Smalec, John"]
[Result "0-1"]
[WhiteElo "1605"]
[BlackElo "1700"]
[PlyCount "40"]
[EventDate "1994.??.??"]

{1/(24)} 1. d4 Nf6 2. Nc3 e6 3. Nf3 d5 4. Bg5 c5 5. dxc5 Bxc5 6. e4 h6 7. Bxf6
Qxf6 8. e5 Qd8 9. Bb5+ Bd7 10. Bxd7+ Nxd7 11. O-O O-O 12. Ne2 Qc7 13. c3 Nxe5
14. Nfd4 Ng4 15. g3 e5 16. Nc2 Rad8 17. b4 Bb6 18. a4 a6 19. a5 Ba7 20. Re1
Nxf2 0-1

[Event "Detroit (MCO/DEU/7/15)"]
[Site "?"]
[Date "1994.??.??"]
[Round "?"]
[White "Nolan, Dan"]
[Black "Roggenbuck, B."]
[Result "0-1"]
[WhiteElo "1605"]
[BlackElo "1605"]
[PlyCount "54"]
[EventDate "1994.??.??"]

{7/(15)} 1. d4 d5 2. e3 Nf6 3. Nf3 Bg4 4. Be2 e6 5. Nc3 Bb4 6. Bd2 a6 7. O-O c6
8. a3 Ba5 9. b4 Bb6 10. h3 Bxf3 11. Bxf3 O-O 12. Rc1 Nbd7 13. Na4 Ba7 14. c4 b5
15. cxb5 axb5 16. Nc5 Bb8 17. Nxd7 Qxd7 18. Ra1 Qd6 19. g3 Bc7 20. Ra2 Nd7 21.
Qc2 e5 22. e4 exd4 23. exd5 Ne5 24. Bf4 Nxf3+ 25. Kg2 Nh4+ 26. Kh1 Qxd5+ 27.
Kg1 Qg2# 0-1

[Event "Grand Rapids (MI Am/5/37)"]
[Site "?"]
[Date "1994.??.??"]
[Round "?"]
[White "Nolan, Dan"]
[Black "Lynch, S."]
[Result "1/2-1/2"]
[WhiteElo "1605"]
[BlackElo "1605"]
[PlyCount "35"]
[EventDate "1994.??.??"]

{5/(37)} 1. d4 d5 2. c4 c6 3. c5 Nf6 4. Nc3 h6 5. e3 e6 6. Nf3 Nbd7 7. Bd3 a6
8. e4 Be7 9. Be3 Qa5 10. O-O Qc7 11. g3 Nh7 12. Bf4 Qd8 13. e5 Ng5 14. Bxg5
Bxg5 15. Qc2 Nf8 16. h4 Be7 17. Na4 Nd7 18. Nc3 1/2-1/2

[Event "Detroit (MCO/DEU/4/6)"]
[Site "?"]
[Date "1994.??.??"]
[Round "?"]
[White "Nolan, Brian"]
[Black "Zulauf, M."]
[Result "1-0"]
[WhiteElo "1605"]
[BlackElo "1605"]
[PlyCount "67"]
[EventDate "1994.??.??"]

{4/(6)} 1. d4 d5 2. c4 dxc4 3. e3 e5 4. Bxc4 Nh6 5. Nc3 Bg4 6. f3 Be6 7. Bxe6
fxe6 8. Nge2 Bb4 9. a3 Be7 10. dxe5 Bh4+ 11. g3 Be7 12. Qxd8+ Bxd8 13. O-O O-O
14. e4 Nf7 15. f4 c6 16. Be3 Nh6 17. h3 Na6 18. Nd4 Bb6 19. Na4 Ba5 20. b4 Bc7
21. Nxe6 Rfd8 22. Nxd8 Bxd8 23. Nc5 Nc7 24. Nxb7 Be7 25. Nd6 Bd8 26. Rfd1 g6
27. Bc5 Nb5 28. Nxb5 cxb5 29. Rd7 Bb6 30. Bxb6 axb6 31. e6 Re8 32. e7 Nf7 33.
e5 Nh6 34. e6 1-0

[Event "Detroit (MCO/DEU/2b/2)"]
[Site "?"]
[Date "1994.??.??"]
[Round "?"]
[White "Nolan, Brian"]
[Black "Wheeler, Jason"]
[Result "1-0"]
[WhiteElo "1605"]
[BlackElo "1605"]
[PlyCount "137"]
[EventDate "1994.??.??"]

1. d4 d5 2. c4 c6 3. Nc3 Nf6 4. Bg5 Nbd7 5. e3 e6 6. Nf3 h6 7. Bh4 Be7 8. Bd3
dxc4 9. Bxc4 Nb6 10. Bd3 O-O 11. O-O c5 12. dxc5 Bxc5 13. Be2 Nbd7 14. Bb5 a6
15. Bxd7 Qxd7 16. Bxf6 gxf6 17. Qxd7 Bxd7 18. Ne4 Be7 19. Rac1 Rac8 20. Rfd1
Bc6 21. Ned2 Rfd8 22. Nd4 Bb4 23. Nxc6 Rxc6 24. Ne4 Rxd1+ 25. Rxd1 Kg7 26. g4
Rc2 27. Rd7 b5 28. Ra7 a5 29. a3 Be1 30. Kf1 Rc1 31. Ke2 b4 32. Rxa5 bxa3 33.
Rxa3 Bb4 34. Rb3 Ba5 35. Rb5 Bc7 36. Rc5 Rxc5 37. Nxc5 Bxh2 38. Nd7 Kg6 39. b4
Bc7 40. b5 Kg5 41. Kf3 f5 42. gxf5 exf5 43. b6 Bxb6 44. Nxb6 Kh4 45. Kg2 Kg4
46. Nd5 h5 47. Nf4 h4 48. f3+ Kg5 49. Kh3 f6 50. Ng2 Kh5 51. Nxh4 Kg5 52. f4+
Kh5 53. Nf3 Kg6 54. Kh4 Kf7 55. Kh5 Ke6 56. Kg6 Kd5 57. Kxf5 Kc4 58. Kxf6 Kd3
59. f5 Kxe3 60. Ng5 Kf4 61. Kg6 Ke5 62. f6 Kd6 63. f7 Ke7 64. Kg7 Kd6 65. f8=Q+
Kd5 66. Qf4 Kc6 67. Qd4 Kb5 68. Qc3 Kb6 69. Ne6 1-0

[Event "Grand Rapids (MI Am/5/20)"]
[Site "?"]
[Date "1994.??.??"]
[Round "?"]
[White "Nolan, Brian"]
[Black "Spencer, Gordon"]
[Result "1-0"]
[WhiteElo "1605"]
[BlackElo "1605"]
[PlyCount "117"]
[EventDate "1994.??.??"]

{5/(20)} 1. d4 d5 2. c4 c6 3. Nc3 Nf6 4. Bg5 e6 5. e3 Be7 6. Nf3 O-O 7. Bd3 Na6
8. cxd5 cxd5 9. a3 Nc7 10. O-O h6 11. Bh4 Nfe8 12. Bg3 Nd6 13. Qe2 a6 14. Rac1
b5 15. b4 Bd7 16. Bxd6 Bxd6 17. e4 Rc8 18. e5 Be7 19. Nd2 Na8 20. Nb3 Nb6 21.
Nc5 Bxc5 22. bxc5 Nc4 23. Bxc4 bxc4 24. Qa2 Rb8 25. Rb1 Qc7 26. Rxb8 Rxb8 27.
Rb1 Rb7 28. Rxb7 Qxb7 29. Qb1 Qb3 30. Qxb3 cxb3 31. Kf1 Kf8 32. Ke1 b2 33. Kd2
Ba4 34. Nb1 Ke7 35. Kc3 f6 36. f4 g5 37. g3 fxe5 38. fxe5 Kf7 39. Kxb2 Kg6 40.
Nc3 Bc6 41. g4 h5 42. h3 h4 43. Kb3 Kf7 44. Kb4 Ke7 45. Ka5 Bb7 46. Kb6 Bc8 47.
Na2 Kd7 48. Nb4 a5 49. Kxa5 Kc7 50. Kb5 Bd7+ 51. Ka6 Ba4 52. Nd3 Kc6 53. Ka7
Kb5 54. Nb2 Bc2 55. Kb7 Bg6 56. c6 Be8 57. c7 Bc6+ 58. Kb8 Bd7 59. c8=Q 1-0

[Event "Detroit (MCO/DEU/7/3)"]
[Site "?"]
[Date "1994.??.??"]
[Round "?"]
[White "Nolan, Brian"]
[Black "Smeckert, Dennis"]
[Result "0-1"]
[WhiteElo "1605"]
[BlackElo "1605"]
[PlyCount "134"]
[EventDate "1994.??.??"]

{7/(3)} 1. d4 d5 2. c4 e5 3. e3 exd4 4. exd4 Nf6 5. Nc3 dxc4 6. Bxc4 Be7 7. Nf3
O-O 8. O-O Bg4 9. Be2 Nbd7 10. Ne5 Bxe2 11. Nxe2 Bd6 12. f4 Nb6 13. Bd2 Nbd5
14. Nc3 c6 15. Re1 Qb6 16. Ne2 Rfe8 17. Nc4 Qc7 18. Nxd6 Qxd6 19. g3 Rad8 20.
Nc3 Rxe1+ 21. Bxe1 Nc7 22. Bf2 b6 23. Kg2 Ne6 24. Rc1 Qb4 25. d5 cxd5 26. f5
Nc5 27. Bxc5 Qxc5 28. Nxd5 Qxd5+ 29. Qxd5 Nxd5 30. Kf3 f6 31. Rd1 Kf8 32. Rd4
Ke8 33. Re4+ Ne7 34. Re2 h5 35. h3 Kf7 36. g4 Rd3+ 37. Kg2 hxg4 38. hxg4 g6 39.
fxg6+ Nxg6 40. Rc2 a5 41. Kh2 Ne5 42. Rg2 Kg6 43. Re2 Kg5 44. Rg2 Nxg4+ 45. Kh1
Rd1+ 46. Rg1 Rxg1+ 47. Kxg1 Kf4 48. b3 b5 49. a3 Ke3 50. Kf1 f5 51. a4 bxa4 52.
bxa4 f4 53. Kg2 f3+ 54. Kg1 f2+ 55. Kf1 Kd3 56. Kg2 Kc3 57. Kf1 Kb3 58. Kg2
Kxa4 59. Kf1 Kb3 60. Ke2 a4 61. Kf1 a3 62. Kg2 a2 63. Kf1 a1=Q+ 64. Kg2 f1=Q+
65. Kg3 Ne5 66. Kh4 Qg2 67. Kh5 Qah1# 0-1

[Event "Grand Rapids (MI Am/2/37)"]
[Site "?"]
[Date "1994.??.??"]
[Round "?"]
[White "Nolan, Brian"]
[Black "Filipek, G."]
[Result "1-0"]
[WhiteElo "1605"]
[BlackElo "1605"]
[PlyCount "47"]
[EventDate "1994.??.??"]

{2/(37)} 1. d4 d5 2. c4 Nf6 3. cxd5 Nxd5 4. Nc3 c6 5. e4 Nxc3 6. bxc3 e6 7. Nf3
Bd6 8. e5 Be7 9. Bd3 O-O 10. Qc2 Qd5 11. O-O Na6 12. Bxh7+ Kh8 13. Be4 Qd8 14.
h4 f5 15. exf6 Bxf6 16. Bg5 Nc7 17. Bxf6 Rxf6 18. Ng5 Kg8 19. Bf3 b5 20. Qh7+
Kf8 21. Qh8+ Ke7 22. Qxg7+ Ke8 23. Bh5+ Rf7 24. Qxf7# 1-0

[Event "Detroit (MI Op/1a/29)"]
[Site "?"]
[Date "1994.??.??"]
[Round "?"]
[White "Nixon, Peter"]
[Black "Toma, A."]
[Result "0-1"]
[WhiteElo "1605"]
[BlackElo "2250"]
[PlyCount "68"]
[EventDate "1994.??.??"]

1. e4 e5 2. Nf3 Nc6 3. Bb5 a6 4. Ba4 Nf6 5. O-O Bc5 6. Nc3 d6 7. h3 Bd7 8. d3
Ba7 9. Bg5 h6 10. Be3 b5 11. Bb3 Ne7 12. Ne2 c5 13. c3 Qc7 14. Rc1 c4 15. dxc4
Bxe3 16. fxe3 bxc4 17. Ba4 Nxe4 18. Bxd7+ Qxd7 19. Qc2 Qc6 20. Nd2 Nxd2 21.
Qxd2 O-O 22. Ng3 f5 23. Rf2 g6 24. Rd1 Rf6 25. Qc2 Raf8 26. Rdf1 Kg7 27. Ne2
Qc5 28. Qd2 Nd5 29. Kh2 Nxe3 30. Re1 f4 31. Ng1 e4 32. Qe2 Qg5 33. Kh1 d5 34.
Qd2 Qg3 0-1

[Event "Grand Rapids (MI Am/1/33)"]
[Site "?"]
[Date "1994.??.??"]
[Round "?"]
[White "Nixon, Peter"]
[Black "Seibert, T."]
[Result "0-1"]
[WhiteElo "1605"]
[BlackElo "1605"]
[PlyCount "106"]
[EventDate "1994.??.??"]

{1/(33)} 1. e4 c5 2. Nf3 Nc6 3. d4 cxd4 4. Nxd4 g6 5. b3 Bg7 6. Bb2 Nf6 7. Nc3
O-O 8. Nxc6 bxc6 9. f4 Nxe4 10. Qf3 d5 11. O-O-O Bg4 12. Qxg4 Nf2 13. Qf3 Nxh1
14. Bd3 e5 15. fxe5 Qg5+ 16. Kb1 Bxe5 17. Rxh1 Qf6 18. Qxf6 Bxf6 19. Nxd5 Bxb2
20. Ne7+ Kg7 21. Kxb2 c5 22. Nd5 Rfc8 23. Bc4 Rab8 24. Re1 a5 25. a4 f5 26.
Re7+ Kh6 27. Nf6 Rh8 28. Rc7 Kg5 29. Nd5 f4 30. Rxc5 Rbf8 31. Rxa5 Kh4 32. Be2
g5 33. h3 Kg3 34. Bf3 h5 35. Nc3 Rfg8 36. Ne4+ Kh4 37. Rd5 g4 38. hxg4 hxg4 39.
Be2 Re8 40. Bd3 f3 41. g3+ Kh3 42. Bf1+ Kh2 43. Rd2+ Kg1 44. Rd1 f2 45. Bd3+
Kg2 46. c4 Rhf8 47. Rd2 Kg1 48. Nc3 Re3 49. c5 Rxd3 50. Ne2+ Kh2 51. Rc2 f1=Q
52. Nf4+ Kxg3 53. Nxd3 Qxd3 0-1

[Event "Detroit (Class C/5/24)"]
[Site "?"]
[Date "1994.??.??"]
[Round "?"]
[White "Nixon, Peter"]
[Black "Revnell, Joseph"]
[Result "1-0"]
[WhiteElo "1605"]
[BlackElo "1605"]
[PlyCount "77"]
[EventDate "1994.??.??"]

{5/(24)} 1. e4 d5 2. exd5 Nf6 3. Nf3 Nxd5 4. Bc4 e6 5. O-O a6 6. Re1 b6 7. b3
Bb7 8. Bb2 Nd7 9. Nc3 N5f6 10. d4 b5 11. Bf1 Be7 12. Ne5 Nd5 13. Nxd5 Nxe5 14.
Nxe7 Nf3+ 15. gxf3 Qxe7 16. Bg2 O-O-O 17. c4 Qg5 18. cxb5 axb5 19. Re5 Qxe5 20.
dxe5 Rxd1+ 21. Rxd1 g5 22. Bc1 h6 23. f4 g4 24. Bxb7+ Kxb7 25. Rd7 Rh7 26. Ba3
Kc8 27. Re7 h5 28. Re8+ Kd7 29. Rg8 Kc6 30. Kg2 Kd5 31. f3 gxf3+ 32. Kxf3 f5
33. exf6 Rf7 34. Be7 e5 35. fxe5 Kxe5 36. Rg7 Ke6 37. Rxf7 Kxf7 38. Kf4 Kg6 39.
a4 1-0

[Event "Eastpointe (US Am N/5/31)"]
[Site "?"]
[Date "1994.??.??"]
[Round "?"]
[White "Nixon, Peter"]
[Black "Hartwig, W."]
[Result "1-0"]
[WhiteElo "1605"]
[BlackElo "1605"]
[PlyCount "41"]
[EventDate "1994.??.??"]

{5/(31)} 1. e4 g6 2. d4 Bg7 3. Nf3 e6 4. c4 Ne7 5. Be2 O-O 6. Bf4 f5 7. e5 d6
8. Qd2 b6 9. Bh6 dxe5 10. Bxg7 Kxg7 11. Nxe5 Nd7 12. Bf3 Rb8 13. O-O Nxe5 14.
dxe5 f4 15. Rd1 Bd7 16. Nc3 b5 17. cxb5 Bxb5 18. Qxd8 Rfxd8 19. Rxd8 Rxd8 20.
Nxb5 Nc6 21. Bxc6 1-0

[Event "Eastpointe (US Am N/2/40)"]
[Site "?"]
[Date "1994.??.??"]
[Round "?"]
[White "Nixon, Peter"]
[Black "Gentry, Loyd"]
[Result "1/2-1/2"]
[WhiteElo "1605"]
[BlackElo "1605"]
[PlyCount "124"]
[EventDate "1994.??.??"]

{2/(40)} 1. e4 e5 2. Nf3 Nc6 3. Bb5 Qf6 4. Nc3 Nge7 5. d3 d6 6. Bg5 Qe6 7. d4
exd4 8. Nxd4 Qg6 9. Bxe7 Qxg2 10. Bxc6+ bxc6 11. Qf3 Qxf3 12. Nxf3 Bxe7 13. Rg1
O-O 14. O-O-O a5 15. a4 Rb8 16. Nd4 Bd7 17. Nb3 Bf6 18. Rd3 c5 19. Nxc5 Bc6 20.
Nb3 Bxc3 21. Rxc3 Bxa4 22. Nxa5 c5 23. Rd1 Rfd8 24. Nc4 Rb4 25. Rxd6 Re8 26.
Rcd3 Rxc4 27. b3 Bxb3 28. Rxb3 Rcxe4 29. Re3 Rxe3 30. fxe3 g6 31. Kd2 Kg7 32.
Rc6 Re5 33. Kd3 Rh5 34. c4 Kh6 35. Ke4 Rf5 36. Rd6 Kg5 37. Rd5 Rxd5 38. Kxd5
Kf6 39. Kd6 h5 40. e4 h4 41. e5+ Kf5 42. Kxc5 Kxe5 43. Kb6 f5 44. c5 f4 45. c6
f3 46. c7 f2 47. c8=Q f1=Q 48. Qe8+ Kd5 49. Qc6+ Ke5 50. Qc5+ Ke4 51. Qe7+ Kf3
52. Qb7+ Ke2 53. Qe4+ Kd2 54. Qxh4 Qb1+ 55. Kc6 Qc2+ 56. Kd6 Qd3+ 57. Ke6 Qa6+
58. Kf7 Ke3 59. Qg5+ Kf3 60. h4 Qd3 61. Qxg6 Qd7+ 62. Kg8 Qd8+ 1/2-1/2

[Event "Grand Rapids (MI Am/3/30)"]
[Site "?"]
[Date "1994.??.??"]
[Round "?"]
[White "Nixon, Peter"]
[Black "Fuson, R."]
[Result "1-0"]
[WhiteElo "1605"]
[BlackElo "1605"]
[PlyCount "75"]
[EventDate "1994.??.??"]

{3/(30)} 1. e4 e5 2. Nf3 Nc6 3. Bb5 Nf6 4. O-O Nd4 5. Nxd4 exd4 6. e5 Nd5 7.
Bc4 c6 8. Bxd5 cxd5 9. d3 Be7 10. Qg4 O-O 11. Bh6 g6 12. Bxf8 Bxf8 13. Qxd4 Bg7
14. Qxd5 Qg5 15. f4 Qf5 16. Nc3 Rb8 17. Ne4 b6 18. Nd6 Qe6 19. Qxe6 dxe6 20.
Nxc8 Rxc8 21. Rf2 h5 22. h4 Rc5 23. d4 Rd5 24. Rd1 f5 25. c4 Rd8 26. Rfd2 Bf8
27. d5 exd5 28. cxd5 Bc5+ 29. Kh2 Be3 30. Re2 Bxf4+ 31. g3 Bh6 32. e6 Bf8 33.
e7 Re8 34. d6 Bxe7 35. Rxe7 Rxe7 36. dxe7 Kf7 37. Rd7 Ke8 38. Rxa7 1-0

[Event "Grand Rapids (MI Am/5/19)"]
[Site "?"]
[Date "1994.??.??"]
[Round "?"]
[White "Nixon, Peter"]
[Black "Friedland, J."]
[Result "1/2-1/2"]
[WhiteElo "1605"]
[BlackElo "1605"]
[PlyCount "61"]
[EventDate "1994.??.??"]

{5/(19)} 1. e4 e5 2. Nf3 Nc6 3. Bb5 Nf6 4. O-O Bc5 5. c3 O-O 6. Re1 d6 7. h3
Be6 8. Bxc6 bxc6 9. d4 exd4 10. cxd4 Bb4 11. Nc3 h6 12. a3 Ba5 13. b4 Bb6 14.
Be3 a5 15. Qd2 d5 16. e5 Ne4 17. Qc1 axb4 18. axb4 Qd7 19. Bxh6 gxh6 20. Qxh6
Bf5 21. Nxe4 dxe4 22. Qg5+ Kh8 23. Qh6+ Kg8 24. Rxa8 Rxa8 25. Qg5+ Kf8 26. Qh6+
Ke8 27. Ng5 Ra2 28. Qh8+ Ke7 29. Qf6+ Ke8 30. Qh8+ Ke7 31. Qf6+ 1/2-1/2

[Event "Detroit (MOR/1b/31)"]
[Site "?"]
[Date "1994.??.??"]
[Round "?"]
[White "Nixon, Peter"]
[Black "Ballard, C."]
[Result "0-1"]
[WhiteElo "1605"]
[BlackElo "1605"]
[PlyCount "100"]
[EventDate "1994.??.??"]

1. e4 e5 2. Nf3 Nf6 3. Nc3 Nc6 4. Bc4 Bc5 5. O-O d6 6. h3 O-O 7. d3 a6 8. Bg5
b5 9. Bb3 Be6 10. Nd5 Na5 11. Nxf6+ gxf6 12. Bh6 Nxb3 13. axb3 Re8 14. Nh4 f5
15. Qh5 fxe4 16. dxe4 Qf6 17. Nf5 Qg6 18. Qg5 Bxf5 19. exf5 Qxg5 20. Bxg5 Kg7
21. f6+ Kg6 22. Bh4 Re6 23. Kh2 b4 24. c3 d5 25. Ra5 Rc6 26. cxb4 Bd4 27. Rxd5
Bxb2 28. Re1 Rc2 29. Re4 c6 30. Rd7 Bd4 31. Rg4+ Kf5 32. Rxf7 Bxf2 33. Bxf2
Rxf2 34. Rxh7 Kxf6 35. Rh6+ Kf5 36. Rxc6 Rf4 37. Rxf4+ Kxf4 38. Rf6+ Ke3 39.
Rf3+ Kd4 40. Kg1 e4 41. Rf4 Kd3 42. Kf1 e3 43. Ke1 Rc8 44. Rc4 Rd8 45. h4 Rg8
46. g4 Rb8 47. g5 Rb5 48. Rg4 Rf5 49. Rg1 Rf2 50. g6 Rb2 0-1

[Event "Detroit (Class C/1/5)"]
[Site "?"]
[Date "1994.??.??"]
[Round "?"]
[White "Nikitin, M."]
[Black "Wheeler, R."]
[Result "1/2-1/2"]
[WhiteElo "1605"]
[BlackElo "1605"]
[PlyCount "158"]
[EventDate "1994.??.??"]

{1/(5)} 1. e4 d6 2. d4 g6 3. Nf3 Bg7 4. Bc4 Nf6 5. Nc3 c6 6. O-O O-O 7. Re1 Bg4
8. Be3 Nxe4 9. h3 Nxc3 10. bxc3 Be6 11. Bxe6 fxe6 12. Qd2 Na6 13. Bh6 Nc7 14.
Rab1 b6 15. c4 Rf7 16. a4 Bxh6 17. Qxh6 Qf8 18. Qe3 Rb8 19. Ng5 Rf6 20. Ne4 Rf5
21. f3 Ra5 22. Ra1 Qg7 23. Ng5 e5 24. c3 Re8 25. Ne4 exd4 26. cxd4 Qf8 27. Qc3
e5 28. Red1 exd4 29. Qxd4 Re6 30. Nxd6 Na6 31. Ne4 Nc5 32. Nxc5 Qxc5 33. Qxc5
Rxc5 34. Rd4 Re2 35. Rd8+ Kf7 36. Rd7+ Re7 37. Rd4 Re2 38. Rd7+ Re7 39. Rd4 a6
40. Kf2 b5 41. axb5 axb5 42. cxb5 cxb5 43. Rf4+ Kg7 44. h4 h6 45. g4 g5 46.
hxg5 hxg5 47. Rd4 Kf6 48. Ra6+ Re6 49. Ra5 Rc2+ 50. Kf1 Rb2 51. Rd5 Rc6 52. Ra1
b4 53. Rb5 b3 54. Rf5+ Kg6 55. Rb5 Ra2 56. Rb1 Rc3 57. R5xb3 Rxb3 58. Rxb3 Kf6
59. Re3 Rh2 60. Re2 Rh1+ 61. Kg2 Ra1 62. Kf2 Ra3 63. Re3 Ra2+ 64. Kg3 Rb2 65.
f4 gxf4+ 66. Kxf4 Rb4+ 67. Re4 Rb5 68. Rd4 Kg6 69. Rd6+ Kg7 70. Re6 Kf7 71. Re5
Rb4+ 72. Kf5 Rb6 73. g5 Rb1 74. g6+ Kg7 75. Re7+ Kg8 76. Re6 Rf1+ 77. Kg5 Rg1+
78. Kf6 Rf1+ 79. Ke7 Rg1 1/2-1/2